SACHITHR PADARTHA VIJNAN (Record no. 24280)

MARC details
000 -LEADER
fixed length control field 00382nam a22001697a 4500
003 - CONTROL NUMBER IDENTIFIER
control field SGT
020 ## - INTERNATIONAL STANDARD BOOK NUMBER
International Standard Book Number 9789394829015
082 ## - DEWEY DECIMAL CLASSIFICATION NUMBER
Classification number 615.53
Item number S22Y
100 ## - MAIN ENTRY--PERSONAL NAME
Personal name YERAWAAR,PRABODH
245 ## - TITLE STATEMENT
Title SACHITHR PADARTHA VIJNAN
250 ## - EDITION STATEMENT
Edition statement 2nd
260 ## - PUBLICATION, DISTRIBUTION, ETC. (IMPRINT)
Place of publication, distribution, etc VARANASHI
Name of publisher, distributor, etc CHAUKHAMBHA, PUB.
Year of Publication 2022
300 ## - PAGE DESCRIPTION
No. of Pages 288
650 ## - SUBJECT ADDED ENTRY--TOPICAL TERM
Topical term or geographic name as entry element VIJNAN
653 ## - KEYWORDS--INDEX TERM
Keyword term SACHITHR PADARTHA
942 ## - ADDED ENTRY ELEMENTS (KOHA)
Source of classification or shelving scheme Dewey Decimal Classification
Koha item type Books
942 ## - ADDED ENTRY ELEMENTS (KOHA)
-- 257
Holdings
Withdrawn status Lost status Source of classification or shelving scheme Damaged status Not for loan Collection code Home library Current library Shelving location Date acquired Vendor Name Cost, normal purchase price SGTU Bill Number Total Checkouts Full call number Accession No. (Barcode) Date last seen Date last borrowed Bill Date Koha item type Total Renewals Checked out
    Dewey Decimal Classification     AYURVEDA SGT FA-FP Library SGT FA-FP Library Text Book 15/07/2023 CHAUKHAMBHA, PUB. 495.00 SGTU CP/B/253 51 615.53 S22Y FA11551 22/04/2026 15/04/2026 07/06/2023 Books    
    Dewey Decimal Classification     AYURVEDA SGT FA-FP Library SGT FA-FP Library Text Book 15/07/2023 CHAUKHAMBHA, PUB. 495.00 SGTU CP/B/253 31 615.53 S22Y FA11552 14/01/2026 25/12/2025 07/06/2023 Books    
    Dewey Decimal Classification     AYURVEDA SGT FA-FP Library SGT FA-FP Library Text Book 15/07/2023 CHAUKHAMBHA, PUB. 495.00 SGTU CP/B/253 50 615.53 S22Y FA11553 04/05/2026 04/05/2026 07/06/2023 Books 1  
    Dewey Decimal Classification     AYURVEDA SGT FA-FP Library SGT FA-FP Library Text Book 15/07/2023 CHAUKHAMBHA, PUB. 495.00 SGTU CP/B/253 55 615.53 S22Y FA11554 05/06/2026 05/06/2026 07/06/2023 Books 4 19/06/2026
    Dewey Decimal Classification     AYURVEDA SGT FA-FP Library SGT FA-FP Library Text Book 15/07/2023 CHAUKHAMBHA, PUB. 495.00 SGTU CP/B/253 36 615.53 S22Y FA11555 22/05/2026 22/05/2026 07/06/2023 Books   05/06/2026
    Dewey Decimal Classification     AYURVEDA SGT FA-FP Library SGT FA-FP Library Text Book 15/07/2023 CHAUKHAMBHA, PUB. 495.00 SGTU CP/B/253 42 615.53 S22Y FA11556 01/06/2026 01/06/2026 07/06/2023 Books 1  
    Dewey Decimal Classification     AYURVEDA SGT FA-FP Library SGT FA-FP Library Text Book 15/07/2023 CHAUKHAMBHA, PUB. 495.00 SGTU CP/B/253 43 615.53 S22Y FA11557 05/05/2026 20/04/2026 07/06/2023 Books    
    Dewey Decimal Classification     AYURVEDA SGT FA-FP Library SGT FA-FP Library Text Book 15/07/2023 CHAUKHAMBHA, PUB. 495.00 SGTU CP/B/253 52 615.53 S22Y FA11558 22/04/2026 16/04/2026 07/06/2023 Books    
    Dewey Decimal Classification     AYURVEDA SGT FA-FP Library SGT FA-FP Library Text Book 15/07/2023 CHAUKHAMBHA, PUB. 495.00 SGTU CP/B/253 39 615.53 S22Y FA11559 19/05/2026 01/04/2026 07/06/2023 Books 2  
    Dewey Decimal Classification     AYURVEDA SGT FA-FP Library SGT FA-FP Library Text Book 15/07/2023 CHAUKHAMBHA, PUB. 495.00 SGTU CP/B/253 53 615.53 S22Y FA11560 23/04/2026 10/04/2026 07/06/2023 Books